|
|
|
|
| LEADER |
00000nab a2200000 a 4500 |
| 001 |
vtls000454740 |
| 003 |
SK-MaSNL |
| 005 |
20260302235934.0 |
| 008 |
120926c1992 xo 0 slo |
| 015 |
|
|
|a SNBRB19rr/mm-uuuuu
|
| 035 |
|
|
|a CL0454871
|
| 040 |
|
|
|a SNKBUCL
|b slo
|c SNKBUCL
|e AACR2
|
| 041 |
0 |
|
|a slo
|
| 044 |
|
|
|a xo
|c SK
|
| 080 |
|
|
|a 796.88(100)
|2 1981
|
| 100 |
1 |
|
|a Souček, Ľubomír
|4 aut
|9 293440
|
| 245 |
1 |
0 |
|a Siláci zoslabli?
|c Ľubomír Souček
|
| 300 |
|
|
|b Fot. 2.
|
| 650 |
0 |
7 |
|a vzpieranie
|2 snkbucl
|9 3253
|
| 650 |
0 |
7 |
|a výkonnosť športová
|2 snkbucl
|9 873305
|
| 655 |
|
7 |
|a články z novín a časopisov
|2 snkbucl
|9 267496
|
| 773 |
0 |
|
|t Mladé rozlety
|g Roč. 6, č. 23 (1992), s. 8-9
|
| 850 |
|
|
|a Slovenská národná knižnica v Martine
|a MTA001
|
| 852 |
|
|
|a SNK
|b KIS3GCP
|
| 958 |
|
|
|a RK
|
| 992 |
|
|
|a RBX
|
| 999 |
|
|
|c 1556521
|d 1558451
|